000 00565nam a22002417a 4500
003 OSt
005 20180116183105.0
008 170728b xxu||||| |||| 00| 0 eng d
020 _a9788131760994
022 _a9788131760994
040 _c0
050 _a658.7
082 _a658.7
100 _aSople,Vinod V.
245 _aSupply Chain Management.
_cVinod V.Sople
250 _a1st.
260 _aIndia
_bPearson
_c2012
300 _a534p.
500 _aPaper Cover
600 _aSople,Vinod V.
700 _aSople,Vinod V.
942 _2ddc
_cBK
_k658.7
999 _c352015
_d352015